|
|
|
|
| LEADER |
01561nam a2200301 a 4500 |
| 001 |
16626 |
| 003 |
BD-DhAAL |
| 005 |
20140528162628.0 |
| 008 |
140528s2007 bg ab b 001 0 beno |
| 010 |
|
|
|a 2007342897
|
| 020 |
|
|
|a 9840802194
|
| 040 |
|
|
|a DLC
|c DLC
|d DLC
|d BD-DhAAL
|
| 041 |
0 |
|
|a ben
|
| 050 |
0 |
0 |
|a HE3300.6.Z8
|b E375 2007
|
| 082 |
|
|
|2 22
|a 954.095492
|
| 100 |
1 |
|
|a কবির, দিনাক সোহানী.
|9 4681
|
| 245 |
1 |
0 |
|a পূর্ববাংলার রেলওয়ের ইতিহাস ১৮৬২-১৯৪৭ /
|c দিনাক সোহানী কবির
|
| 260 |
|
|
|a ঢাকা :
|b একাডেমিক প্রেস এন্ড পাবলিশার্স লাইব্রেরি,
|c ২০০৭.
|
| 300 |
|
|
|a xiii, ৩৪৬ পৃ. :
|b চিত্র, ম্যাপ ;
|c ২৩ সে. মি.
|
| 504 |
|
|
|a গ্রন্থপঞ্জি (পৃ. [২৯৫]-৩১৩) এবং নির্ঘন্ট অন্তর্ভূক্ত
|
| 541 |
|
|
|e 16626
|
| 650 |
|
0 |
|a Eastern Bengal Railway
|x History.
|9 4682
|
| 650 |
|
0 |
|a Railroads
|z Bangladesh
|x History.
|9 4683
|
| 650 |
|
0 |
|a Railroads
|z India
|z Bengal
|x History.
|9 4684
|
| 942 |
|
|
|2 ddc
|c BK
|
| 999 |
|
|
|c 14377
|d 14377
|
| 952 |
|
|
|0 0
|1 0
|2 ddc
|4 0
|6 954_095492000000000_KAB
|7 0
|9 24371
|a BRACUL
|b BRACUL
|c GEN
|d 2014-05-28
|l 0
|o 954.095492 KAB
|p 3010016009
|r 2014-05-28
|t 1
|w 2014-05-28
|y BK
|
| 952 |
|
|
|0 0
|1 0
|2 ddc
|4 0
|6 954_095492000000000_KAB
|7 0
|9 24372
|a BRACUL
|b BRACUL
|c GEN
|d 2014-05-28
|l 1
|o 954.095492 KAB
|p 3010016626
|r 2016-10-25
|s 2014-05-28
|t 2
|w 2014-05-28
|y BK
|